| 000 | 00519nam a22001817a 4500 | ||
|---|---|---|---|
| 003 | OSt | ||
| 005 | 20140507161226.0 | ||
| 008 | 140507b xxu||||| |||| 00| 0 eng d | ||
| 020 | _a9789710506347 | ||
| 050 |
_aQA 531 _b.Al385 2012 |
||
| 100 | _aAlfarez, Merle S. | ||
| 245 |
_aMy math tutor in proving trigonometric identities / _cMerle S. Alfarez. |
||
| 260 |
_aCainta Rizal : _bMSA Publishing House, _c2012. |
||
| 300 |
_a115 p. : _bill. ; _c23 cm. |
||
| 650 | _aTrigonometry | ||
| 942 |
_2lcc _cBK |
||
| 999 |
_c115848 _d115848 |
||